000 00347nam a2200145Ia 4500
008 150201s2006 xx 000 0 und d
082 _a617.51
_bH06B
100 _aBAILEY, B.
245 _aHEAD AND NECK SURGERY-OTALARYNAGOLOGY
250 _a4TH
260 _bWOLTER KLUWER
_aDELHI
_c2006
300 _a1-1387
650 _aE.N.T.
942 _2ddc
_cBK
999 _c221
_d221